000 01795amm a2200349 i 4500
001 768714001
003 CO-MdFUSB
005 20250731103519.0
007 cr aa aaaaa
008 160701s2014 ck ||||| |||| 00| 0 spa d
040 _cCO-MdFUSB
_aCO-MdFUSB
_bEspañol
_dCO-MdFUSB
041 _aspa
043 _ack
100 _aConeo, Jesús David
_eautor
245 0 3 _aEl dicho y el hecho en el mismo trecho
_c/ Jesús David Coneo ; asesorado por Milton Acosta
_h[electrónico]
264 _aMedellín, Colombia
_b : FUSBC,
_c2014
300 _a34 páginas
336 _2rdacontent
_atexto
_btxt
337 _2rdamedia
_ainformático
_bc
338 _2rdacarrier
_aremoto
_bcr
502 _aTrabajo de grado.
_bTeología --
_cFundación Universitaria Seminario Bíblico de Colombia )
_d2014
505 _aEl Culto: el dicho y el hecho en Deuteronomio -- El dicho y el hecho: del Antiguo al Nuevo Testamento -- El dicho y el hecho hoy
520 _aEn esta investigación se tomará como punto de partida el culto, con el propósito de mostrar el lugar que tiene la praxis en éste. Lo que se quiere, específicamente, es demostrar que el culto no se limita sólo a palabras piadosas, sino que la fe proclamada en éste debe dar lugar a la praxis que apunta el amor a Dios y al prójimo, por tanto el dicho, la praxis y el hecho se encuentran en un mismo lugar, el culto, y van de la mano como señal de fidelidad de Dios y del creyente.
535 _aRecurso en REPCI
630 0 7 _aBiblia.
_pAntiguo Testamento
_xCrítica, interpretación, etc.
630 0 7 _aBiblia.
_pDeuteronomio
_xCrítica, interpretación, etc.
653 _aCulto
653 _aLiturgia
700 _993
_aAcosta, Milton
_easesor
856 _aREPCI
_uhttps://repositorio.repci.co/handle/123456789/151
942 _cTG
999 _c38467
_d38467